History Quiz

Random History or War Quiz

Walk Through History: Civil War Quiz Stats

 Plays Quiz not verified by Sporcle

Score 0/23 Timer 10:00
0 Plays Today
% Correct
???
99.8%
???
89.1%
???
86.8%
???
83.1%
???
58.6%
???
47.9%
???
38.7%
???
34%
???
31%
???
26.9%
???
21.8%
???
18.3%
% Correct
???
16%
???
14.8%
???
11.8%
???
8.6%
???
8.3%
???
6.7%
???
6.2%
???
6%
???
5.1%
???
4.9%
???
4.6%

You're not logged in!

Compare scores with friends on all Sporcle quizzes.
OR
Log In

Sporcle TV

Today on Sporcle TV


Watch our educational content, quiz creation guides, and fun videos on Sporcle TV.

Show Comments

Extras

Created Dec 30, 2014ReportNominate
Tags:Clickable Quiz, War Quiz, civil, walk

Top Quizzes Today


Score Distribution

Your Account Isn't Verified!

In order to create a playlist on Sporcle, you need to verify the email address you used during registration. Go to your Sporcle Settings to finish the process.

Report this User

Report this user for behavior that violates our Community Guidelines.

Details: